Akhs alkhawas = اخص الخواص / (Record no. 134068)
[ view plain ]
| 000 -LEADER | |
|---|---|
| fixed length control field | 00507nam a22001577a 4500 |
| 005 - DATE AND TIME OF LATEST TRANSACTION | |
| control field | 20240510114225.0 |
| 008 - FIXED-LENGTH DATA ELEMENTS--GENERAL INFORMATION | |
| fixed length control field | 240510b ||||| |||| 00| 0 eng d |
| 020 ## - INTERNATIONAL STANDARD BOOK NUMBER | |
| International Standard Book Number | 9695060331 |
| 040 ## - CATALOGING SOURCE | |
| Transcribing agency | PK-LaUMT |
| 082 ## - DEWEY DECIMAL CLASSIFICATION NUMBER | |
| Classification number | APC 297.40902 |
| Item number | FAZ-A |
| 100 ## - MAIN ENTRY--PERSONAL NAME | |
| Personal name | Fazal Shah Qutab Alam = فضل شاہ قطب عالم |
| 245 ## - TITLE STATEMENT | |
| Title | Akhs alkhawas = اخص الخواص / |
| Statement of responsibility, etc | by Fazal Shah Qutab Alam = فضل شاہ قطب عالم |
| 260 ## - PUBLICATION, DISTRIBUTION, ETC. (IMPRINT) | |
| Place of publication, distribution, etc | Lahore : |
| Name of publisher, distributor, etc | Tasawwaf Foundation, |
| Date of publication, distribution, etc | 1999 |
| 300 ## - PHYSICAL DESCRIPTION | |
| Extent | 255 p. |
| 942 ## - ADDED ENTRY ELEMENTS (KOHA) | |
| Koha item type | Books |
| Withdrawn status | Lost status | Damaged status | Home library | Current library | Date acquired | Full call number | Barcode | Date last seen | Price effective from | Koha item type |
|---|---|---|---|---|---|---|---|---|---|---|
| UMT Main Campus | UMT Main Campus | 2024-05-10 | APC 297.40902 FAZ-A | 146763 | 2024-05-10 | 2024-05-10 | Books |
